|
|
|
|
| LEADER |
00000nam a22000007a 4500 |
| 005 |
20220712223713.0 |
| 007 |
cr|||| |||| |
| 008 |
220712s2022 co |||||s|||| 00||0 spa d |
| 020 |
|
|
|a 978-958-59985-9-9
|
| 035 |
|
|
|a 36702
|
| 040 |
|
|
|a vLex
|
| 090 |
|
|
|c 13549
|d 13549
|
| 100 |
1 |
|
|a Chavarro Cadena, Jorge Enrique
|
| 245 |
1 |
0 |
|a Sistema de Seguridad Social Integral
|h [Recurso electrn̤ico] /
|c Jorge Enrique Chavarro Cadena
|
| 256 |
|
|
|a Servicio en ln̕ea
|
| 260 |
|
|
|a Bogot:̀
|b Grupo Editorial Nueva Legislacin̤,
|c 2022
|
| 300 |
|
|
|a 1 recurso electrn̤ico
|
| 500 |
|
|
|a El libro Sistema de Seguridad Social Integral, toma como base la Ley 100 de 23 de diciembre de 1993 incluyendo las concordancias correspondientes en cada uno de los artc̕ulos de la obra; tales como: Leyes, Decretos Únicos Reglamentarios DUR 780 - 1833, Decretos Reglamentarios, Decretos ordinarios, Resoluciones, Circulares, Doctrina, Jurisprudencia y normatividad vigente. Cuenta con un suplemento digital de los Decretos Únicos Reglamentarios DUR 780 - 1833 y las modificaciones introducidas en esta publicacin̤, las cuales nuestros suscriptores deben consultar permanentemente en nuestra pg̀ina web www.nuevalegislacion.com, ya que estos valores agregados hacen ms̀ confiable la informacin̤ para la toma de decisiones no solo en la actividad profesional y empresarial, sino como herramienta de consulta e informacin̤ para funcionarios, profesionales, estudiantes y dems̀ interesados en el tema.
|
| 506 |
1 |
|
|a Disponible solo en los productos indicados
|d vLex Global
|d vLex Global (Academic Edition, excluding Law Schools)
|d vLex Global (U.S. Academic Edition, Law Schools)
|d vLex Global (U.S. Academic Edition, excluding Law Schools)
|d vLex Global (Academic Edition, Law Schools)
|
| 650 |
0 |
4 |
|a Derecho Laboral y Seguridad Social
|z Colombia
|
| 650 |
0 |
4 |
|a Seguridad Social
|z Colombia
|
| 650 |
0 |
4 |
|a Derecho Tributario
|z Colombia
|
| 740 |
0 |
|
|a vLex Libros (Servicio en ln̕ea)
|
| 856 |
4 |
0 |
|u https://app.vlex.com/#/sources/36702
|z Acceso restringido
|
| 942 |
|
|
|c BOOK
|
| 999 |
0 |
|
|a Labor Law and Social Security
|
| 999 |
0 |
|
|a Social Security
|
| 999 |
0 |
|
|a Tax Law
|